| 000 | 00598nam a2200205Ia 4500 | ||
|---|---|---|---|
| 003 | IN-BaIIA | ||
| 008 | 211028s9999 xx 000 0 eng d | ||
| 040 | _cIIA Library | ||
| 080 |
_a521.9 _bUSN |
||
| 110 |
_aUnited States Navy _9408 |
||
| 245 | 0 |
_aAir navigation _bpt. VII, nautical astronomy and celestial navigation _cU. S. Navy |
|
| 260 |
_aNew York _bMcGraw-Hill _c1944 |
||
| 300 | _aix, 198p. | ||
| 490 | _aFlight preparation training series | ||
| 650 |
_aAir navigation _9409 |
||
| 650 |
_aCelestial navigation _9410 |
||
| 650 | _aNASA thesaurus | ||
| 650 |
_aNavigation _9411 |
||
| 942 | _cBK | ||
| 999 |
_c205 _d205 |
||